00437nam a22001577a 450000500170000000800410001702000180005804100090007608200160008510000180010124500380011926000280015730000190018565000550020470000200025920250325120715.0250325b |||||||| |||| 00| 0 eng d a9781787153721 aEng. a346.730 BUR aBurke, Alison aTrademarks and Unfair Competition aUkbKruger Brenttc2025 a389;. P. 25 cm aTrademarks-Law and Legislation; Competition Unfair aOrtiz, Reynaldo